Handbook of orthodontics / (Record no. 37011)

MARC details
000 -LEADER
fixed length control field 00567nam a22001937a 4500
005 - DATE AND TIME OF LATEST TRANSACTION
control field 20250806154757.0
008 - FIXED-LENGTH DATA ELEMENTS--GENERAL INFORMATION
fixed length control field 250806b |||||||| |||| 00| 0 eng d
020 ## - INTERNATIONAL STANDARD BOOK NUMBER
ISBN 978-0-323-88261-3
082 ## - DEWEY DECIMAL CLASSIFICATION NUMBER
Classification number 617.643
Item number COB-H
100 ## - MAIN ENTRY--AUTHOR
Author Name Cobourne, Martyn T.
245 ## - TITLE STATEMENT
Title Handbook of orthodontics /
Statement of responsibility, etc. by Martyn T. Cobourne, Andrew T. DiBiase
250 ## - EDITION STATEMENT
Edition statement 3rd ed.
260 ## - PUBLICATION, DISTRIBUTION, ETC.
Place of Publication India :
Name of publisher, distributor, etc. Elsevier ;
Date of publication, distribution, etc. 2025 .
300 ## - PHYSICAL DESCRIPTION
Pages ix , 640 p. :v
500 ## - GENERAL NOTE
General note Printed in Pakistan.
650 ## - SUBJECT ADDED ENTRY--TOPICAL TERM
Subject / Department Medical / Dentistry
700 ## - ADDED ENTRY--PERSONAL NAME
Personal name Andrew T.Dibiase
300 ## - PHYSICAL DESCRIPTION
-- ill ;
-- 28 cm .
952 ## - LOCATION AND ITEM INFORMATION (KOHA)
-- 0
-- 0
952 ## - LOCATION AND ITEM INFORMATION (KOHA)
-- 0
-- 0
952 ## - LOCATION AND ITEM INFORMATION (KOHA)
-- 0
-- 0
Holdings
Lost status Damaged status Permanent Location Current Location Shelving Location Date acquired Source of acquisition Full Call Number Accession No./Barcode Date last seen Copy number item type Koha item type
    Superior Information Resource Center (SIRC) Superior University- Central Library Superior Information Resource Center (SIRC) Superior University- Central Library BDS-Dentistry 08/06/2025 Imperial book company 617.645 COB-H 2025 20732 08/06/2025 1 BOOK BOOK
    Superior Information Resource Center (SIRC) Superior University- Central Library Superior Information Resource Center (SIRC) Superior University- Central Library BDS-Dentistry 08/06/2025 Imperial book company 617.645 COB-H 2025 20739 08/06/2025 2 BOOK BOOK
    Superior Information Resource Center (SIRC) Superior University- Central Library Superior Information Resource Center (SIRC) Superior University- Central Library BDS-Dentistry 08/06/2025 Imperial book company 617.645 COB-H 2025 20742 08/06/2025 3 BOOK BOOK

Powered by Koha